|
|
|
|
| LEADER |
00000nam0a2200000 4500 |
| 001 |
271417 |
| 005 |
20231101234432.0 |
| 035 |
|
|
|a (RuTPU)RU\TPU\book\294599
|
| 090 |
|
|
|a 271417
|
| 100 |
|
|
|a 20141007d1985 k y0rusy50 ca
|
| 101 |
0 |
|
|a rus
|
| 102 |
|
|
|a RU
|
| 105 |
|
|
|a a z 001zy
|
| 200 |
1 |
|
|a Геологические события в истории плиоцена и плейстоцена Южных и Северных морей
|f Академия наук СССР (АН СССР), Башкирский филиал (БФ), Институт геологии (ИГ) ; под ред. М. А. Камалетдинова
|
| 210 |
|
|
|a Уфа
|c Изд-во БФАН СССР
|d 1985
|
| 215 |
|
|
|a 103 с.
|c табл.
|
| 320 |
|
|
|a Библиогр. в конце ст.
|
| 606 |
1 |
|
|a Плиоценовые отложения
|2 stltpush
|3 (RuTPU)RU\TPU\subj\49246
|9 68047
|
| 610 |
1 |
|
|a геологические события
|
| 610 |
1 |
|
|a история
|
| 610 |
1 |
|
|a плиоцен
|
| 610 |
1 |
|
|a плейстоцен
|
| 610 |
1 |
|
|a южные моря
|
| 610 |
1 |
|
|a северные моря
|
| 675 |
|
|
|a 551.782.2
|v 4
|
| 702 |
|
1 |
|a Камалетдинов
|b М. А.
|4 340
|
| 712 |
0 |
2 |
|a Академия наук СССР (АН СССР)
|b Башкирский филиал (БФ)
|b Институт геологии (ИГ)
|c (Уфа)
|c (1968-1988)
|2 stltpush
|3 (RuTPU)RU\TPU\col\10647
|
| 801 |
|
1 |
|a RU
|b 63413507
|c 20141007
|
| 801 |
|
2 |
|a RU
|b 63413507
|c 20170309
|g RCR
|
| 942 |
|
|
|c BK
|